[Event "MPJ C18"]
[Site "?"]
[Date "2016.03.19"]
[Round "8.13"]
[White "Smal, Tobiasz"]
[Black "Golda, Sebastian"]
[Result "1-0"]
[LiveChessVersion "1.4.8"]
[BlackElo "1941"]
[WhiteElo "2017"]

1. e4 {[%clk 1:30:57]} c5 {[%clk 1:29:39]} 2. Nf3 {[%clk 1:31:23]} d6
{[%clk 1:30:05]} 3. d4 {[%clk 1:31:45]} cxd4 {[%clk 1:30:31]} 4. Nxd4
{[%clk 1:32:12]} Nf6 {[%clk 1:30:48]} 5. f3 {[%clk 1:32:27]} e5 {[%clk 1:28:46]}
6. Nb3 {[%clk 1:32:44]} Be7 {[%clk 1:26:51]} 7. c4 {[%clk 1:32:54]} Be6
{[%clk 1:26:30]} 8. Nc3 {[%clk 1:33:06]} a6 {[%clk 1:25:25]} 9. Be3
{[%clk 1:33:25]} Nbd7 {[%clk 1:25:38]} 10. Be2 {[%clk 1:33:17]} Rc8
{[%clk 1:25:41]} 11. Nd5 {[%clk 1:33:24]} Bxd5 {[%clk 1:26:02]} 12. cxd5
{[%clk 1:33:48]} O-O {[%clk 1:25:59]} 13. O-O {[%clk 1:34:14]} Ne8
{[%clk 0:51:50]} 14. Qd2 {[%clk 1:34:33]} f5 {[%clk 0:52:03]} 15. Rac1
{[%clk 1:34:20]} Rxc1 {[%clk 0:39:42]} 16. Rxc1 {[%clk 1:33:56]} f4
{[%clk 0:40:08]} 17. Bf2 {[%clk 1:34:14]} Bh4 {[%clk 0:40:36]} 18. Bxh4
{[%clk 1:32:56]} Qxh4 {[%clk 0:41:02]} 19. Na5 {[%clk 1:32:11]} Qd8
{[%clk 0:37:56]} 20. Qb4 {[%clk 1:30:33]} b5 {[%clk 0:33:18]} 21. a4
{[%clk 1:24:58]} Qb6+ {[%clk 0:29:37]} 22. Kf1 {[%clk 1:25:17]} Nef6
{[%clk 0:21:19]} 23. axb5 {[%clk 1:22:13]} axb5 {[%clk 0:20:47]} 24. Nc6
{[%clk 1:20:23]} Ra8 {[%clk 0:16:49]} 25. Qxd6 {[%clk 1:19:36]} Qe3
{[%clk 0:16:44]} 26. Re1 {[%clk 1:19:55]} Nh5 {[%clk 0:15:27]} 27. Bxb5
{[%clk 1:16:56]} Qb3 {[%clk 0:11:12]} 28. Qb4 {[%clk 1:14:32]} Qc2
{[%clk 0:11:41]} 29. Ne7+ {[%clk 1:11:02]} Kf7 {[%clk 0:11:13]} 30. Bxd7
{[%clk 1:09:34]} Ng3+ {[%clk 0:11:02]} 31. hxg3 {[%clk 1:09:56]} fxg3
{[%clk 0:11:26]} 32. Qb6 {[%clk 1:07:46]} Rb8 {[%clk 0:10:47]} 33. Be6+
{[%clk 1:05:36]} Kxe7 {[%clk 0:11:10]} 34. Qb5 Ke8 1-0

[Event "MPJ C18"]
[Site "?"]
[Date "2016.03.19"]
[Round "8.14"]
[White "Kaminski, Piotr"]
[Black "Litner, Igor"]
[Result "0-1"]
[LiveChessVersion "1.4.8"]
[BlackElo "1883"]
[WhiteElo "1920"]

1. e4 {[%clk 1:30:58]} Nf6 {[%clk 1:25:26]} 2. e5 {[%clk 1:31:08]} Nd5
{[%clk 1:24:54]} 3. d4 {[%clk 1:31:30]} d6 {[%clk 1:24:57]} 4. c4
{[%clk 1:31:55]} Nb6 {[%clk 1:25:23]} 5. exd6 {[%clk 1:32:19]} exd6
{[%clk 1:24:18]} 6. Nc3 {[%clk 1:32:33]} Be7 {[%clk 1:21:36]} 7. Bd3
{[%clk 1:32:51]} Nc6 {[%clk 1:17:12]} 8. Nge2 {[%clk 1:33:02]} Bf6
{[%clk 1:17:08]} 9. Be3 {[%clk 1:24:04]} Qe7 {[%clk 1:13:49]} 10. O-O
{[%clk 1:09:59]} O-O {[%clk 1:10:36]} 11. h3 {[%clk 1:09:07]} Nb4
{[%clk 1:09:04]} 12. b3 {[%clk 1:04:19]} g6 {[%clk 1:04:11]} 13. Rc1
{[%clk 1:00:18]} Nxd3 {[%clk 1:04:20]} 14. Qxd3 {[%clk 1:00:47]} Bf5
{[%clk 1:04:48]} 15. Qd2 {[%clk 1:00:44]} c5 {[%clk 1:00:55]} 16. Nf4
{[%clk 0:54:35]} Rac8 {[%clk 0:52:47]} 17. Nfd5 {[%clk 0:44:51]} Nxd5
{[%clk 0:51:13]} 18. Nxd5 {[%clk 0:45:15]} Qd8 {[%clk 0:50:57]} 19. Rcd1
{[%clk 0:35:09]} Re8 {[%clk 0:44:01]} 20. dxc5 {[%clk 0:26:40]} dxc5
{[%clk 0:44:18]} 21. Nxf6+ {[%clk 0:25:53]} Qxf6 {[%clk 0:44:46]} 22. Bg5
{[%clk 0:25:35]} Qc6 {[%clk 0:43:22]} 23. Qc3 {[%clk 0:23:40]} h5
{[%clk 0:35:48]} 24. Rd2 {[%clk 0:16:02]} Qe6 {[%clk 0:34:14]} 25. Bf6
{[%clk 0:11:25]} Rc6 {[%clk 0:31:50]} 26. Bh4 {[%clk 0:09:11]} f6
{[%clk 0:27:07]} 27. Rfd1 {[%clk 0:08:48]} g5 {[%clk 0:27:13]} 28. Bg3
{[%clk 0:05:16]} h4 {[%clk 0:27:34]} 29. Bd6 {[%clk 0:03:55]} Rd8
{[%clk 0:24:11]} 30. Bh2 {[%clk 0:03:31]} Rxd2 {[%clk 0:24:15]} 31. Qxd2
{[%clk 0:04:01]} Rc8 {[%clk 0:24:14]} 32. Re1 {[%clk 0:03:23]} Qd7
{[%clk 0:18:36]} 33. Qc3 {[%clk 0:02:26]} Qd4 {[%clk 0:18:23]} 34. Qf3
{[%clk 0:01:01]} Qd2 {[%clk 0:14:18]} 35. Rf1 {[%clk 0:01:24]} Qd7
{[%clk 0:11:46]} 36. Rd1 {[%clk 0:01:14]} Re8 {[%clk 0:12:12]} 37. Kh1
{[%clk 0:00:41]} Qe6 {[%clk 0:12:00]} 38. Rf1 {[%clk 0:00:31]} Qe2
{[%clk 0:08:11]} 39. Qd5+ {[%clk 0:00:42]} Kg7 {[%clk 0:06:32]} 40. Rd1
{[%clk 0:30:33]} Bg6 {[%clk 0:35:15]} 41. Qd2 {[%clk 0:20:57]} Qxd2
{[%clk 0:35:06]} 42. Rxd2 {[%clk 0:19:46]} Re1+ {[%clk 0:35:33]} 43. Bg1
{[%clk 0:20:07]} Be4 {[%clk 0:28:18]} 44. Kh2 {[%clk 0:19:20]} Bc6
{[%clk 0:27:17]} 45. f3 {[%clk 0:19:39]} b6 {[%clk 0:27:28]} 46. Rd6
{[%clk 0:15:55]} Be8 {[%clk 0:27:38]} 47. Rd8 {[%clk 0:13:36]} Kg6
{[%clk 0:26:06]} 48. Ra8 {[%clk 0:12:16]} Re7 {[%clk 0:24:23]} 49. Rd8
{[%clk 0:11:04]} Re2 {[%clk 0:24:28]} 50. a4 {[%clk 0:09:15]} Bc6
{[%clk 0:23:43]} 51. Rd3 {[%clk 0:08:48]} Rb2 {[%clk 0:21:58]} 52. Kh1
{[%clk 0:08:11]} Bb7 {[%clk 0:21:27]} 53. Be3 {[%clk 0:06:20]} Bc8
{[%clk 0:21:28]} 54. Bg1 {[%clk 0:01:54]} Bf5 {[%clk 0:21:51]} 55. Rc3
{[%clk 0:01:23]} Bc2 {[%clk 0:21:19]} 56. a5 {[%clk 0:00:49]} Bxb3
{[%clk 0:21:30]} 57. axb6 {[%clk 0:01:17]} axb6 {[%clk 0:21:59]} 58. Bh2
{[%clk 0:00:52]} Rb1+ {[%clk 0:22:23]} 59. Bg1 {[%clk 0:01:19]} Bd1
{[%clk 0:20:53]} 60. Kh2 {[%clk 0:01:10]} Rb3 {[%clk 0:20:21]} 61. Rc1
{[%clk 0:01:11]} Be2 {[%clk 0:20:33]} 62. Bf2 {[%clk 0:00:51]} Rb4
{[%clk 0:20:24]} 63. Re1 {[%clk 0:00:52]} Bd3 {[%clk 0:19:32]} 64. f4
{[%clk 0:01:11]} Rb2 {[%clk 0:19:40]} 65. Kg1 {[%clk 0:01:14]} Bxc4
{[%clk 0:19:58]} 66. fxg5 {[%clk 0:01:40]} fxg5 {[%clk 0:20:13]} 67. Rd1
{[%clk 0:01:35]} Be6 {[%clk 0:18:57]} 68. Be3 {[%clk 0:01:13]} Rb3
{[%clk 0:16:13]} 69. Bf2 {[%clk 0:01:25]} Kf5 {[%clk 0:16:19]} 70. Kf1
{[%clk 0:01:13]} c4 {[%clk 0:16:30]} 71. Ke2 {[%clk 0:01:28]} b5 {[%clk 0:16:43]}
72. Be3 {[%clk 0:01:38]} Rb2+ {[%clk 0:16:01]} 73. Kf3 {[%clk 0:01:45]} c3
{[%clk 0:16:01]} 74. Bc1 {[%clk 0:00:54]} Rb1 {[%clk 0:14:38]} 75. Rf1
{[%clk 0:00:48]} Bc4 {[%clk 0:14:42]} 76. Re1 {[%clk 0:01:18]} b4
{[%clk 0:14:29]} 77. Ke3 {[%clk 0:01:28]} b3 {[%clk 0:14:29]} 78. Kd4
{[%clk 0:01:22]} Rxc1 {[%clk 0:14:32]} 79. Rxc1 {[%clk 0:01:21]} b2
{[%clk 0:15:01]} 80. Rxc3 {[%clk 0:00:39]} b1=Q {[%clk 0:15:23]} 81. Rxc4
{[%clk 0:01:05]} Qg1+ {[%clk 0:15:39]} 0-1

[Event "MPJ C18"]
[Site "?"]
[Date "2016.03.20"]
[Round "9.1"]
[White "Jarmula, Lukasz"]
[Black "Niekras, Dawid"]
[Result "1-0"]
[LiveChessVersion "1.4.8"]
[BlackElo "2271"]
[WhiteElo "2387"]

1. d4 {[%clk 1:30:58]} Nf6 {[%clk 1:30:53]} 2. c4 {[%clk 1:31:23]} g6
{[%clk 1:31:19]} 3. Nc3 {[%clk 1:31:49]} Bg7 {[%clk 1:31:45]} 4. e4
{[%clk 1:32:13]} d6 {[%clk 1:32:11]} 5. Bd3 {[%clk 1:32:38]} O-O {[%clk 1:32:34]}
6. Nge2 {[%clk 1:33:04]} e5 {[%clk 1:26:11]} 7. d5 {[%clk 1:33:28]} a5
{[%clk 1:26:36]} 8. f3 {[%clk 1:33:03]} Na6 {[%clk 1:12:41]} 9. Be3
{[%clk 1:30:24]} Nc5 {[%clk 1:08:00]} 10. Bc2 {[%clk 1:30:42]} Nfd7
{[%clk 1:07:28]} 11. Qd2 {[%clk 1:28:15]} a4 {[%clk 1:01:41]} 12. O-O
{[%clk 1:24:51]} Nb6 {[%clk 1:01:36]} 13. b3 {[%clk 1:23:59]} Bd7
{[%clk 0:53:23]} 14. Rab1 {[%clk 1:18:20]} Qe7 {[%clk 0:42:20]} 15. Nb5
{[%clk 1:09:58]} Bxb5 {[%clk 0:32:04]} 16. cxb5 {[%clk 1:10:19]} axb3
{[%clk 0:32:29]} 17. axb3 {[%clk 1:10:19]} Ra2 {[%clk 0:30:26]} 18. Nc3
{[%clk 1:07:21]} Ra3 {[%clk 0:25:04]} 19. Qc1 {[%clk 1:03:37]} Rfa8
{[%clk 0:21:29]} 20. Na4 {[%clk 1:00:33]} Ncxa4 {[%clk 0:16:36]} 21. bxa4
{[%clk 0:58:53]} Rc3 {[%clk 0:10:53]} 22. Qd2 {[%clk 0:57:30]} Ra3
{[%clk 0:10:25]} 23. Bxb6 {[%clk 0:56:15]} cxb6 {[%clk 0:10:37]} 24. Bb3
{[%clk 0:55:48]} Rc8 {[%clk 0:06:24]} 25. Rfc1 {[%clk 0:53:27]} Rc5
{[%clk 0:05:13]} 26. Rxc5 {[%clk 0:51:49]} dxc5 {[%clk 0:02:05]} 27. d6
{[%clk 0:51:56]} Qd7 {[%clk 0:02:25]} 28. Qb2 {[%clk 0:51:57]} Rxb3
{[%clk 0:02:12]} 29. Qxb3 {[%clk 0:52:21]} Qxd6 {[%clk 0:02:38]} 30. Rd1
{[%clk 0:52:01]} c4 {[%clk 0:02:57]} 31. Rxd6 {[%clk 0:52:11]} cxb3
{[%clk 0:03:22]} 32. Rd3 {[%clk 0:52:28]} Kf8 {[%clk 0:02:43]} 33. Rxb3
{[%clk 0:52:50]} Ke7 {[%clk 0:03:08]} 34. Rd3 {[%clk 0:52:31]} Bh6
{[%clk 0:03:27]} 35. Kf1 {[%clk 0:52:34]} f6 {[%clk 0:03:17]} 36. Ke2
{[%clk 0:52:56]} Bf8 {[%clk 0:03:37]} 37. Kd2 {[%clk 0:53:00]} Ke8
{[%clk 0:04:01]} 38. Kc3 {[%clk 0:51:57]} Be7 {[%clk 0:03:50]} 39. Kc4
{[%clk 0:52:16]} Bf8 {[%clk 0:04:07]} 40. g3 {[%clk 1:21:04]} Ke7
{[%clk 0:33:56]} 41. Kd5 {[%clk 1:21:03]} Kd7 {[%clk 0:34:18]} 42. f4
{[%clk 1:21:22]} Bd6 {[%clk 0:34:32]} 43. Rf3 {[%clk 1:20:35]} Bc7
{[%clk 0:34:25]} 44. f5 {[%clk 1:20:39]} g5 {[%clk 0:33:34]} 45. g4
{[%clk 1:21:03]} 1-0

[Event "MPJ C18"]
[Site "?"]
[Date "2016.03.20"]
[Round "9.2"]
[White "Nowak, Kamil"]
[Black "Gajek, Radoslaw"]
[Result "1/2-1/2"]
[LiveChessVersion "1.4.8"]
[BlackElo "2435"]
[WhiteElo "2339"]

1. d4 {[%clk 1:30:58]} e6 {[%clk 1:30:48]} 2. c4 {[%clk 1:30:50]} Nf6
{[%clk 1:31:14]} 3. Nf3 {[%clk 1:29:55]} b6 {[%clk 1:31:40]} 4. g3
{[%clk 1:29:04]} Ba6 {[%clk 1:32:06]} 5. b3 {[%clk 1:28:14]} b5 {[%clk 1:32:33]}
6. cxb5 {[%clk 1:27:29]} Bxb5 {[%clk 1:32:59]} 7. Bg2 {[%clk 1:27:05]} d5
{[%clk 1:33:25]} 8. O-O {[%clk 1:26:34]} Nbd7 {[%clk 1:33:39]} 9. Nc3
{[%clk 1:26:21]} Ba6 {[%clk 1:34:04]} 10. Ne5 {[%clk 1:25:49]} c6
{[%clk 1:34:10]} 11. Nd3 {[%clk 1:24:49]} Bd6 {[%clk 1:33:28]} 12. Bb2
{[%clk 1:22:53]} O-O {[%clk 1:33:40]} 13. Na4 {[%clk 1:21:51]} Bxd3
{[%clk 1:21:20]} 14. Qxd3 {[%clk 1:22:10]} c5 {[%clk 1:21:43]} 15. dxc5
{[%clk 1:18:21]} Nxc5 {[%clk 1:22:09]} 16. Nxc5 {[%clk 1:18:20]} Bxc5
{[%clk 1:22:34]} 17. Rac1 {[%clk 1:17:29]} Rc8 {[%clk 1:21:00]} 18. Rc2
{[%clk 1:15:07]} Qb6 {[%clk 1:14:44]} 19. e3 {[%clk 1:10:04]} Rc7
{[%clk 1:10:49]} 20. Rfc1 {[%clk 1:07:57]} Rfc8 {[%clk 1:10:20]} 21. Bf3
{[%clk 1:04:44]} Qd6 {[%clk 1:00:47]} 22. Qb5 {[%clk 0:51:53]} Bb6
{[%clk 0:55:03]} 23. Rxc7 {[%clk 0:51:54]} Rxc7 {[%clk 0:55:26]} 24. Rxc7
{[%clk 0:52:21]} Qxc7 {[%clk 0:55:42]} 25. Qd3 {[%clk 0:52:00]} h6
{[%clk 0:50:38]} 26. Qc3 {[%clk 0:50:45]} Qe7 {[%clk 0:41:08]} 27. Qc8+
{[%clk 0:49:04]} Kh7 {[%clk 0:41:10]} 28. Qc2+ {[%clk 0:49:07]} Kg8
{[%clk 0:41:29]} 29. Qc8+ {[%clk 0:49:32]} Kh7 {[%clk 0:41:09]} 30. Qc2+
{[%clk 0:49:57]} Kg8 {[%clk 0:41:17]} 31. Qc8+ {[%clk 0:50:22]} Kh7
{[%clk 0:40:51]} 32. Qc2+ 1/2-1/2

[Event "MPJ C18"]
[Site "?"]
[Date "2016.03.20"]
[Round "9.3"]
[White "Karwowski, Kacper"]
[Black "Molenda, Marcin"]
[Result "1/2-1/2"]
[LiveChessVersion "1.4.8"]
[BlackElo "2142"]
[WhiteElo "2127"]

1. Nf3 {[%clk 1:30:51]} c5 {[%clk 1:30:17]} 2. e4 {[%clk 1:30:46]} g6
{[%clk 1:30:12]} 3. g3 {[%clk 1:28:45]} Bg7 {[%clk 1:30:27]} 4. Bg2
{[%clk 1:29:10]} Nc6 {[%clk 1:30:34]} 5. O-O {[%clk 1:29:09]} e6 {[%clk 1:30:48]}
6. d3 {[%clk 1:29:30]} Nge7 {[%clk 1:31:02]} 7. c3 {[%clk 1:29:50]} O-O
{[%clk 1:31:13]} 8. Be3 {[%clk 1:26:31]} d6 {[%clk 1:30:20]} 9. d4
{[%clk 1:26:16]} cxd4 {[%clk 1:25:29]} 10. Nxd4 {[%clk 1:26:34]} Nxd4
{[%clk 1:25:17]} 11. Bxd4 {[%clk 1:26:58]} e5 {[%clk 1:25:13]} 12. Be3
{[%clk 1:27:24]} Be6 {[%clk 1:25:06]} 13. Na3 {[%clk 1:27:09]} d5
{[%clk 1:20:53]} 14. Bc5 {[%clk 1:23:37]} d4 {[%clk 1:17:56]} 15. Nc2
{[%clk 1:18:24]} b6 {[%clk 1:13:06]} 16. Bxe7 {[%clk 1:15:08]} Qxe7
{[%clk 1:13:32]} 17. cxd4 {[%clk 1:15:25]} exd4 {[%clk 1:11:07]} 18. Nxd4
{[%clk 1:13:55]} Bc4 {[%clk 1:10:54]} 19. Re1 {[%clk 1:13:17]} Qe5
{[%clk 1:08:01]} 20. Nc6 {[%clk 1:07:03]} Qxb2 {[%clk 1:06:22]} 21. e5
{[%clk 1:05:08]} Rae8 {[%clk 1:03:22]} 22. Re4 {[%clk 0:47:12]} b5
{[%clk 1:02:26]} 23. Re3 {[%clk 0:39:18]} Re6 {[%clk 0:46:57]} 24. Rb1
{[%clk 0:36:52]} Qxa2 {[%clk 0:47:15]} 25. Ra1 {[%clk 0:37:14]} Qb2
{[%clk 0:47:33]} 26. Rb1 {[%clk 0:37:36]} Qa2 {[%clk 0:47:57]} 27. Ra1
{[%clk 0:37:55]} Qb2 {[%clk 0:48:22]} 28. Rb1 {[%clk 0:37:54]} 1/2-1/2

[Event "MPJ C18"]
[Site "?"]
[Date "2016.03.20"]
[Round "9.4"]
[White "Mockun, Dawid"]
[Black "Szostko, Jakub"]
[Result "0-1"]
[LiveChessVersion "1.4.8"]
[BlackElo "2228"]
[WhiteElo "1933"]

1. d4 {[%clk 1:30:58]} Nf6 {[%clk 1:30:54]} 2. Nf3 {[%clk 1:31:20]} g6
{[%clk 1:31:17]} 3. g3 {[%clk 1:31:38]} Bg7 {[%clk 1:31:36]} 4. Bg2 O-O
{[%clk 1:31:27]} 5. Nbd2 {[%clk 1:31:27]} d6 6. e4 {[%clk 1:28:13]} c5
{[%clk 1:28:03]} 7. c3 {[%clk 1:21:42]} Qb6 {[%clk 1:18:05]} 8. O-O
{[%clk 1:19:35]} Bg4 {[%clk 1:16:33]} 9. d5 {[%clk 1:12:36]} Nbd7
{[%clk 1:13:54]} 10. Qc2 {[%clk 1:12:14]} Bxf3 {[%clk 1:07:23]} 11. Nxf3
{[%clk 1:08:44]} Ng4 {[%clk 1:03:17]} 12. Bf4 {[%clk 1:04:20]} Nge5
{[%clk 1:01:02]} 13. Rae1 {[%clk 0:47:20]} Nxf3+ {[%clk 0:54:58]} 14. Bxf3
{[%clk 0:47:43]} Ne5 {[%clk 0:55:21]} 15. Bg2 {[%clk 0:36:18]} c4
{[%clk 0:47:59]} 16. Bxe5 {[%clk 0:22:28]} Bxe5 {[%clk 0:47:03]} 17. Kh1
{[%clk 0:22:43]} Bg7 {[%clk 0:43:29]} 18. f4 {[%clk 0:21:34]} Qc7
{[%clk 0:40:23]} 19. Qe2 {[%clk 0:21:18]} b5 {[%clk 0:36:11]} 20. e5
{[%clk 0:10:27]} Rab8 {[%clk 0:32:19]} 21. e6 {[%clk 0:09:01]} f5
{[%clk 0:32:04]} 22. g4 {[%clk 0:03:27]} b4 {[%clk 0:30:04]} 23. Rc1
{[%clk 0:03:25]} bxc3 {[%clk 0:30:06]} 24. bxc3 {[%clk 0:03:50]} Bh6
{[%clk 0:26:13]} 25. gxf5 {[%clk 0:00:42]} Rxf5 {[%clk 0:26:26]} 26. Be4
{[%clk 0:01:08]} Rf6 {[%clk 0:23:52]} 27. Rb1 {[%clk 0:00:33]} Bxf4
{[%clk 0:19:44]} 28. Rxb8+ {[%clk 0:00:35]} Qxb8 {[%clk 0:20:13]} 29. Qxc4
{[%clk 0:00:34]} Qb2 {[%clk 0:20:12]} 30. Bg2 {[%clk 0:00:55]} Be5
{[%clk 0:20:08]} 31. Rxf6 {[%clk 0:00:35]} Bxf6 {[%clk 0:20:37]} 32. h3
{[%clk 0:00:34]} Qc1+ {[%clk 0:19:03]} 33. Qf1 {[%clk 0:00:35]} Qxc3
{[%clk 0:19:15]} 34. a4 {[%clk 0:00:47]} a5 {[%clk 0:18:44]} 35. Bf3
{[%clk 0:00:58]} Qb3 {[%clk 0:16:52]} 36. Qd1 {[%clk 0:01:06]} Qe3
{[%clk 0:16:32]} 37. Qe2 {[%clk 0:00:49]} Qc1+ {[%clk 0:16:44]} 38. Qd1
{[%clk 0:00:37]} Qf4 {[%clk 0:17:01]} 39. Kg2 {[%clk 0:00:37]} Bh4
{[%clk 0:16:29]} 40. Kf1 {[%clk 0:00:35]} Qg3 {[%clk 0:16:11]} 41. Qe2
{[%clk 0:30:42]} Qxh3+ {[%clk 0:46:18]} 42. Bg2 {[%clk 0:30:36]} Qf5+
{[%clk 0:45:12]} 43. Bf3 {[%clk 0:30:55]} Bf6 {[%clk 0:44:26]} 44. Kg2
{[%clk 0:30:51]} Qg5+ {[%clk 0:44:35]} 45. Kf1 {[%clk 0:31:14]} Qf4
{[%clk 0:43:34]} 46. Qd1 {[%clk 0:30:52]} Bd4 {[%clk 0:43:14]} 47. Qd3
{[%clk 0:27:27]} Kg7 {[%clk 0:41:08]} 48. Ke2 {[%clk 0:27:06]} Qh2+
{[%clk 0:40:36]} 49. Kd1 {[%clk 0:27:30]} Qg1+ {[%clk 0:40:50]} 50. Kc2
{[%clk 0:27:30]} Qe3 {[%clk 0:40:02]} 51. Qc4 {[%clk 0:26:46]} Bf6
{[%clk 0:39:23]} 52. Be2 {[%clk 0:25:17]} h5 {[%clk 0:38:13]} 53. Qb5
{[%clk 0:25:21]} Qc3+ {[%clk 0:38:22]} 54. Kb1 {[%clk 0:25:16]} Kh6
{[%clk 0:37:26]} 55. Bd3 {[%clk 0:25:30]} h4 {[%clk 0:37:02]} 56. Bxg6
{[%clk 0:25:47]} Kxg6 {[%clk 0:36:58]} 57. Qe8+ {[%clk 0:26:04]} Kg5
{[%clk 0:37:08]} 0-1

[Event "MPJ C18"]
[Site "?"]
[Date "2016.03.20"]
[Round "9.5"]
[White "Winiarski, Mikolaj"]
[Black "Kanicki, Krzysztof"]
[Result "1-0"]
[LiveChessVersion "1.4.8"]
[BlackElo "2208"]
[WhiteElo "2037"]

1. d4 Nf6 {[%clk 1:30:52]} 2. c4 {[%clk 1:31:24]} g6 {[%clk 1:31:16]} 3. Nc3
{[%clk 1:31:50]} Bg7 {[%clk 1:31:41]} 4. e4 {[%clk 1:32:16]} d6 {[%clk 1:32:05]}
5. Nf3 {[%clk 1:32:41]} O-O {[%clk 1:32:24]} 6. Be2 {[%clk 1:33:09]} e5
{[%clk 1:31:55]} 7. O-O {[%clk 1:33:34]} Nbd7 {[%clk 1:30:53]} 8. d5
{[%clk 1:32:13]} Nc5 {[%clk 1:27:53]} 9. Nd2 {[%clk 1:29:35]} a5 {[%clk 1:25:50]}
10. Rb1 {[%clk 1:28:20]} Nfd7 {[%clk 1:23:29]} 11. b3 {[%clk 1:27:53]} f5
{[%clk 1:23:21]} 12. a3 {[%clk 1:28:03]} Nf6 {[%clk 1:20:10]} 13. f3
{[%clk 1:22:46]} Bh6 {[%clk 1:09:47]} 14. b4 {[%clk 1:22:27]} axb4
{[%clk 0:52:57]} 15. axb4 {[%clk 1:22:46]} Na6 {[%clk 0:52:48]} 16. Nb3
{[%clk 1:20:00]} Bxc1 {[%clk 0:52:43]} 17. Nxc1 {[%clk 1:20:25]} f4
{[%clk 0:32:14]} 18. Nd3 {[%clk 1:12:05]} g5 {[%clk 0:24:12]} 19. c5
{[%clk 1:10:41]} Rf7 {[%clk 0:22:45]} 20. c6 {[%clk 1:01:08]} Rb8
{[%clk 0:19:22]} 21. b5 {[%clk 0:57:29]} Nc5 {[%clk 0:19:28]} 22. Nxc5
{[%clk 0:57:55]} dxc5 {[%clk 0:19:45]} 23. Bc4 {[%clk 0:57:20]} b6
{[%clk 0:13:49]} 24. d6 {[%clk 0:57:45]} cxd6 {[%clk 0:13:21]} 25. Qb3
{[%clk 0:55:51]} d5 {[%clk 0:13:01]} 26. Nxd5 {[%clk 0:56:15]} Kg7
{[%clk 0:12:01]} 27. Nxf4 {[%clk 0:45:17]} Ra7 {[%clk 0:11:04]} 28. Rfd1
{[%clk 0:44:45]} Qe7 {[%clk 0:10:58]} 29. Nd5 {[%clk 0:39:43]} Nxd5
{[%clk 0:09:47]} 30. Rxd5 {[%clk 0:37:57]} Qf6 {[%clk 0:08:24]} 31. Qc3
{[%clk 0:30:39]} Re7 {[%clk 0:08:15]} 32. Rd8 {[%clk 0:28:13]} Ra8
{[%clk 0:07:06]} 33. Rbd1 {[%clk 0:28:12]} Rea7 {[%clk 0:06:35]} 34. Rg8+
{[%clk 0:25:16]} Kh6 {[%clk 0:06:59]} 35. h4 {[%clk 0:24:58]} gxh4
{[%clk 0:06:09]} 36. Rd6 {[%clk 0:23:46]} Ra1+ {[%clk 0:06:02]} 37. Kh2
{[%clk 0:23:41]} Qxd6 {[%clk 0:06:00]} 38. Qe3+ {[%clk 0:24:05]} Kh5
{[%clk 0:06:25]} 39. Qg5# {[%clk 0:24:25]} 1-0

[Event "MPJ C18"]
[Site "?"]
[Date "2016.03.20"]
[Round "9.6"]
[White "Czajkowski, Adam"]
[Black "Zylka, Stanislaw"]
[Result "0-1"]
[LiveChessVersion "1.4.8"]
[BlackElo "2180"]
[WhiteElo "2110"]

1. e4 {[%clk 1:30:57]} e5 {[%clk 1:30:54]} 2. Nf3 {[%clk 1:31:22]} Nc6
{[%clk 1:30:58]} 3. Bc4 {[%clk 1:31:41]} Nf6 {[%clk 1:31:21]} 4. d3
{[%clk 1:32:03]} Bc5 {[%clk 1:31:40]} 5. Bb3 {[%clk 1:32:05]} d6 {[%clk 1:31:51]}
6. c3 {[%clk 1:32:29]} a6 {[%clk 1:31:06]} 7. Nbd2 {[%clk 1:31:22]} Ba7
{[%clk 1:30:52]} 8. O-O {[%clk 1:31:14]} O-O {[%clk 1:31:11]} 9. h3
{[%clk 1:30:11]} Be6 {[%clk 1:26:34]} 10. Re1 {[%clk 1:29:11]} Qd7
{[%clk 1:26:07]} 11. Nf1 {[%clk 1:27:03]} h6 {[%clk 1:20:41]} 12. Nh4
{[%clk 1:15:37]} Ne7 {[%clk 1:09:09]} 13. Ne3 {[%clk 1:08:56]} Bxe3
{[%clk 1:05:57]} 14. Bxe3 {[%clk 1:02:47]} g5 {[%clk 1:04:41]} 15. Nf3
{[%clk 1:02:38]} Ng6 {[%clk 1:03:19]} 16. Bxe6 {[%clk 0:57:07]} fxe6
{[%clk 1:01:05]} 17. h4 {[%clk 0:55:52]} g4 {[%clk 0:55:37]} 18. Nh2
{[%clk 0:55:19]} Nxh4 {[%clk 0:46:34]} 19. Bxh6 {[%clk 0:52:06]} Rf7
{[%clk 0:29:03]} 20. Bg5 {[%clk 0:44:13]} Ng6 {[%clk 0:27:03]} 21. Nxg4
{[%clk 0:43:44]} Nxg4 {[%clk 0:27:21]} 22. Qxg4 {[%clk 0:44:13]} Kg7
{[%clk 0:17:11]} 23. Re3 {[%clk 0:42:50]} Rg8 {[%clk 0:16:41]} 24. Rf1
{[%clk 0:39:40]} Kf8 {[%clk 0:16:19]} 25. f4 {[%clk 0:34:06]} exf4
{[%clk 0:13:12]} 26. Rxf4 {[%clk 0:33:35]} Ke8 {[%clk 0:11:03]} 27. Bh6
{[%clk 0:27:47]} Rxf4 {[%clk 0:10:16]} 28. Bxf4 {[%clk 0:28:08]} Qf7
{[%clk 0:09:34]} 29. Bg3 {[%clk 0:24:18]} Ne5 {[%clk 0:07:58]} 30. Qh3
{[%clk 0:22:44]} Ng4 {[%clk 0:06:00]} 31. Rf3 {[%clk 0:23:08]} Qg6
{[%clk 0:06:17]} 32. Bh4 {[%clk 0:19:14]} Qh6 {[%clk 0:05:23]} 33. Rf1
{[%clk 0:16:33]} Qg6 {[%clk 0:03:15]} 34. g3 {[%clk 0:13:58]} Qh6
{[%clk 0:02:25]} 35. Rf4 {[%clk 0:09:17]} e5 {[%clk 0:02:31]} 36. Rxg4
{[%clk 0:08:55]} Qe3+ {[%clk 0:02:47]} 37. Kf1 {[%clk 0:07:47]} Qxd3+
{[%clk 0:02:11]} 38. Ke1 {[%clk 0:07:10]} Qe3+ {[%clk 0:02:31]} 39. Kd1
{[%clk 0:07:35]} Qf3+ {[%clk 0:02:53]} 40. Kd2 {[%clk 0:37:30]} Rxg4
{[%clk 0:33:04]} 0-1

[Event "MPJ C18"]
[Site "?"]
[Date "2016.03.20"]
[Round "9.7"]
[White "Piotrowski, Przemyslaw"]
[Black "Buraczewski, Rafal"]
[Result "1-0"]
[LiveChessVersion "1.4.8"]
[BlackElo "1973"]
[WhiteElo "2140"]

1. Nf3 {[%clk 1:30:18]} Nf6 {[%clk 1:30:39]} 2. g3 {[%clk 1:31:24]} d5
{[%clk 1:30:53]} 3. Bg2 {[%clk 1:31:52]} Bg4 {[%clk 1:30:56]} 4. c4
{[%clk 1:27:14]} c6 {[%clk 1:30:07]} 5. d4 {[%clk 1:24:52]} e6 {[%clk 1:24:21]}
6. O-O {[%clk 1:24:19]} Nbd7 {[%clk 1:24:26]} 7. Nbd2 {[%clk 1:23:07]} Be7
{[%clk 1:24:07]} 8. b3 {[%clk 1:22:53]} O-O {[%clk 1:23:58]} 9. Bb2
{[%clk 1:23:20]} h6 {[%clk 1:19:44]} 10. Ne5 {[%clk 1:22:22]} Nxe5
{[%clk 1:19:11]} 11. dxe5 {[%clk 1:22:47]} Nd7 {[%clk 1:19:31]} 12. h3
{[%clk 1:16:20]} Bh5 {[%clk 1:14:38]} 13. f4 {[%clk 1:09:59]} Bc5+
{[%clk 1:08:09]} 14. Kh2 {[%clk 1:06:39]} Nb6 {[%clk 1:02:18]} 15. g4
{[%clk 0:57:59]} Bg6 {[%clk 1:02:43]} 16. e4 {[%clk 0:44:23]} dxc4
{[%clk 0:52:18]} 17. f5 Bh7 18. Nxc4 Nxc4 19. bxc4 Qc7 20. Qf3 Rad8 21. Rad1 Rxd1
22. Rxd1 Rd8 23. Rd3 Kh8 24. h4 Rxd3 25. Qxd3 Qe7 26. Qg3 Qd8 27. Kh3 Qd2 28. Ba3
Bd4 29. Bf8 Qb2 30. f6 gxf6 31. exf6 Bxf6 32. Bxh6 Qc3 33. Be3 Qxc4 34. g5 Bd4
35. Qb8+ Kg7 36. Bf4 Qc3+ 37. Kg4 Qa1 38. h5 Qd1+ 39. Bf3 Qg1+ 40. Kh3 Qf1+ 41.
Bg2 Qd3+ 42. Kh2 Qb5 43. Bd6 Bg8 44. Qf8+ Kh8 45. Qh6+ Bh7 46. g6 Be5+ 47. Bxe5+
Qxe5+ 48. Kh3 Qc3+ 49. Kg4 f5+ 50. exf5 exf5+ 51. Kxf5 Qc2+ 52. Be4 Qc5+ 53. Ke6
Qc4+ 54. Kd7 Qd4+ 55. Kc8 1-0